Project specification : a code of procedure for building works (Record no. 86915)

MARC details
000 -LEADER
fixed length control field 00848cam a2200217 4500
008 - FIXED-LENGTH DATA ELEMENTS--GENERAL INFORMATION
fixed length control field 090401t1987 xxu||||| |||| 00| 0 eng d
020 ## - INTERNATIONAL STANDARD BOOK NUMBER
International Standard Book Number 0951266225
035 ## - SYSTEM CONTROL NUMBER
System control number (Sirsi) u11791
041 ## - LANGUAGE CODE
Language code of text/sound track or separate title eng
050 ## - LIBRARY OF CONGRESS CALL NUMBER
Classification number 692.3
110 ## - MAIN ENTRY--CORPORATE NAME
Corporate name or jurisdiction name as entry element Co-ordinating Committee For Project Information
9 (RLIN) 2751
245 ## - TITLE STATEMENT
Title Project specification : a code of procedure for building works
260 ## - PUBLICATION, DISTRIBUTION, ETC.
Place of publication, distribution, etc. London
Name of publisher, distributor, etc. Building Project Information Committee
Date of publication, distribution, etc. 1987
300 ## - PHYSICAL DESCRIPTION
Extent 131p. ; 30cm.
350 ## - PRICE (NR) (BK AM CF MU VM SE) [OBSOLETE]
Price 1.25
490 ## - SERIES STATEMENT
Series statement Co-ordinated Project Information
520 ## - SUMMARY, ETC.
Summary, etc. Formed on the recommendation of the Project Information Group . Sponsored by Association of Consulting Engineers , Building Employers Confederation , Royal Institute of British Architects Royal Institution of Chartered Surveyors .
650 ## - SUBJECT ADDED ENTRY--TOPICAL TERM
Topical term or geographic name entry element SPECIFICATION
942 ## - ADDED ENTRY ELEMENTS (KOHA)
Suppress in OPAC 0
948 ## - LOCAL PROCESSING INFORMATION (OCLC); SERIES PART DESIGNATOR (RLIN)
c (OCLC) 04/03/1997
Holdings
Withdrawn status Lost status Source of classification or shelving scheme Damaged status Not for loan Home library Current library Shelving location Date acquired Cost, normal purchase price Total Checkouts Full call number Barcode Date last seen Date last checked out Copy number Cost, replacement price Price effective from Koha item type
    Dewey Decimal Classification     London London Folio 03/11/1992 1.25 2 F692.3 30029710 06/08/2019 01/06/2005 1 1.25 06/08/2019 Book
    Dewey Decimal Classification     London London Basement 03/03/2009     F692.3 30071274 06/08/2019   3   06/08/2019 Book